000 00875nam a2200193Ii 4500
003 JO-AjNU
008 230605s9999||||xx |||||||||||||| ||und||
040 _aJO-AjNU
_bara
_erda
_cJO-AjNU
041 _aara
050 1 4 _aPJ6119.S556 1900
100 3 _aتاليف صيني، محمد إسماعيل وآخرون، م.مشارك مصطفى عبد العزيز، م.مشارك مختار الطاهر حسين,
_eauthor
_924033
245 0 0 _aالعربية للناشئين: منهج متكامل لغير الناطقين بالعربية: كتاب التلميذ، الجزء الاول
264 3 1 _aد.م: د.ن، د.ت
300 _aج1، 226ص
336 _atext
_btxt
_2rdacontent
337 _aunmediated
_bn
_2rdamedia
338 _avolume
_bnc
_2rdacarrier
650 4 _aاللغة العربية - كتب دراسية - اللغة العربية - اسئلة
_924034
999 _aA8787
_c12355
_d12355